5HLuxD.jpg

KING HENRY VIII SENIOR AND PRIMARY SCHOOL LIBRARY OPAC

O Level Topical Revision Notes Mathematics / (Record no. 4266)

000 -LEADER
fixed length control field 01005nam a22002057a 4500
003 - CONTROL NUMBER IDENTIFIER
control field OSt
005 - DATE AND TIME OF LATEST TRANSACTION
control field 20250204113144.0
008 - FIXED-LENGTH DATA ELEMENTS--GENERAL INFORMATION
fixed length control field 250204b ||||| |||| 00| 0 eng d
020 ## - INTERNATIONAL STANDARD BOOK NUMBER
International Standard Book Number 9789813241213
040 ## - CATALOGING SOURCE
Transcribing agency KH8
082 ## - DEWEY DECIMAL CLASSIFICATION NUMBER
Classification number 510 YUN
100 ## - MAIN ENTRY--PERSONAL NAME
Personal name Yun, Xander,
Relator term author.
245 ## - TITLE STATEMENT
Title O Level Topical Revision Notes Mathematics /
Statement of responsibility, etc. Xander Yun.
260 ## - PUBLICATION, DISTRIBUTION, ETC.
Place of publication, distribution, etc. Singapore ;
Name of publisher, distributor, etc. Shinglee Publishers Pte Ltd ,
Date of publication, distribution, etc. 2016.
300 ## - PHYSICAL DESCRIPTION
Extent iv, 176 pages :
Other physical details illustrations ;
Dimensions 21 cm.
520 ## - SUMMARY, ETC.
Summary, etc. Is a comprehensive guide based on the latest syllabus. It is written to provide candidates sitting for the O Level and N (A) Level Mathematics examinations with thorough revision material. Important concepts and formulae are presented in simple and concise points for easier reference. Relevant worked examples are incorporated into the notes to facilitate the understanding of important concepts and formulae.
650 ## - SUBJECT ADDED ENTRY--TOPICAL TERM
Topical term or geographic name entry element Mathematics
Form subdivision exercises
650 ## - SUBJECT ADDED ENTRY--TOPICAL TERM
Topical term or geographic name entry element Mathematics
Form subdivision problems and solutions
942 ## - ADDED ENTRY ELEMENTS (KOHA)
Source of classification or shelving scheme
Koha item type Books - Non Ficton
Holdings
Withdrawn status Lost status Source of classification or shelving scheme Damaged status Not for loan Collection code Permanent Location Current Location Shelving location Date acquired Full call number Barcode Date last seen Price effective from Koha item type
          Non-Fiction KH8 Senior School Library KH8 Senior School Library Non Fiction 2025-02-04 510 YUN 3KHSL000102174 2025-02-04 2025-02-04 Books - Non Ficton

Powered By KH8 IT Dept